000
00489nam a2200181Ia 4500
008
090122s9999 xx 000 0 und d
082
_b
11511
100
_a
कर्णिक
_b
मधु
_c
मंगेश
245
_a
विहंगम
260
_b
अनघा
_c
2007
300
_a
160
501
_a
ललित वितरण
600
_a
कर्णिक
630
_a
विहंगम
700
_a
कर्णिक
730
_a
विहंगम
942
_c
BOOK
999
_c
35588
_d
35588